LEADER 01311nam 2200397 450 001 9910717023403321 005 20220104090815.0 035 $a(CKB)5470000002527975 035 $a(OCoLC)1290721120 035 $a(EXLCZ)995470000002527975 100 $a20220104d2002 ua 0 101 0 $aeng 135 $aur||||||||||| 181 $ctxt$2rdacontent 182 $cc$2rdamedia 183 $acr$2rdacarrier 200 10$aChile $eplants and pharmaceutical patents /$fprepared by Graciela I. Rodriguez-Ferrand 210 1$a[Washington, D.C.] :$cThe Law Library of Congress, Global Legal Research Directorate,$d2002. 215 $a1 online resource (9 pages) 300 $a"November 2002." 300 $a"LL file no. 2002-13849." 300 $a"LRA-D-PUB-000536." 320 $aIncludes bibliographical references. 517 $aChile 606 $aPharmaceutical industry$zChile$xPatents 606 $aPlants, Cultivated$zChile$vPatents 615 0$aPharmaceutical industry$xPatents. 615 0$aPlants, Cultivated 700 $aRodriguez-Ferrand$b Graciela$01379695 712 02$aLaw Library of Congress (U.S.).$bGlobal Legal Research Directorate, 801 0$bDLC 801 1$bGPO 906 $aBOOK 912 $a9910717023403321 996 $aChile$93442870 997 $aUNINA